000
00238nam a2200097Ia 4500
001
682977
005
20250826161429.0
008
250824s9999 xx 000 0 und d
245
0
_a
KAYI IV
_c
AHMET ŞİMŞİRGİL
260
_b
TİMAŞ YAYINLARI
999
_c
682977
_d
682977